The Weeknd's Shortest Songs - Statistics

General Stats
  • This quiz has been taken 125 times
  • The average score is 6 of 13
Answer Stats
Time Answer % Correct
0:12 I Can't Fucking Sing
90%
1:51 Stargirl Interlude
74%
0:22 Until We're Skin & Bones
67%
1:36 Dawn FM
52%
1:36 A Tale By Quincy
45%
1:36 Opening Night
45%
2:59 Phantom Regret by Jim
43%
2:47 Every Angel is Terrifying
39%
2:28 Starry Eyes
32%
2:43 Best Friends
27%
2:50 Privilege
27%
2:24 Missed You
16%
2:47 Society
5%
No matching quizzes found
Score Distribution
Percent of People with Each Score
Percentile by Number Answered
Your Score History
You have not taken this quiz